| 000 | 00000nam##2200000za#4500 |
| 001 | 9.681638 |
| 003 | CaOODSP |
| 005 | 20200330071505 |
| 007 | ta |
| 008 | 150407|2001||||xxc||||| f|0| 0 fre|d |
| 020 | |a0-660-96600-X |
| 040 | |aCaOODSP|bfre |
| 043 | |an-cn--- |
| 086 | 1 |aF2-163/2001F |
| 110 | 1 |aCanada. |bMinistère des finances. |
| 245 | 10|aPropositions législative et réglementaires concernant les provisions de bord : |bavis de motion de voies et moyens, avant-projet de règlement et notes explicatives / |cPublié par le ministre du Revenu national, l'honorable Martin Cauchon, c.p., député; et le secrétaire d'État (institutions financières internationales) l'honorable Jim Peterson, c.p., député. |
| 260 | |aOttawa - Ontario : |bFinances Canada |c2001. |
| 300 | |a33p. ; |c23 cm. |
| 563 | |aCouverture souple |
| 590 | |a01-40|b2001-10-05 |
| 691 | 07|aDouanes|2gcpds |
| 691 | 07|aNavire|2gcpds |
| 691 | 07|aLégislation|2gcpds |
| 720 | 1 |aCauchon, Martin |
| 720 | 1 |aPeterson, Jim |
| 775 | 08|tProposed legislation and regulations relating to ships' stores : |w(CaOODSP)9.648341 |
| 776 | 0#|tPropositions législative et réglementaires concernant les provisions de bord : |w(CaOODSP)9.640577 |